00359nam a2200109Ia 4500008004100000082001500041100002000056245005600076942000600132952009600138999001500234240331s9999 xx 000 0 und d a303.6bINT aMarga institute 0aInter racial equity and national unity in Sri Lanka cL 001040708LaWERCLbWERCLcSSCd2024-03-31l0o 303.6 INTp298r2024-03-31w2024-03-31yL c1263d1263